Catálogo
 En Linea

Alias gardelito y otros cuentos / (Registro nro. 14573)

Detalles MARC
000 -CABECERA
campo de control de longitud fija 00681nam a2200229 a 4500
001 - NÚMERO DE CONTROL
campo de control 000015000
003 - IDENTIFICADOR DEL NÚMERO DE CONTROL
campo de control OSt
005 - FECHA Y HORA DE LA ÚLTIMA TRANSACCIÓN
campo de control 20200930144053.0
008 - DATOS DE LONGITUD FIJA--INFORMACIÓN GENERAL
campo de control de longitud fija 100128s1974 cu 000 j spa d
040 ## - FUENTE DE LA CATALOGACIÓN
Centro catalogador/agencia de origen DO-SdBNP
Lengua de catalogación spa
Centro/agencia transcriptor BNPHU
082 ## - NÚMERO DE LA CLASIFICACIÓN DECIMAL DEWEY
Número de clasificación A863.4
Número de documento/Ítem K84a
100 1# - ENTRADA PRINCIPAL--NOMBRE DE PERSONA
Nombre de persona Kordon, Bernardo,
Fechas asociadas al nombre 1915-2002
9 (RLIN) 33959
245 10 - MENCIÓN DE TÍTULO
Título Alias gardelito y otros cuentos /
Mención de responsabilidad, etc. Bernardo Kordon.
260 ## - PUBLICACIÓN, DISTRIBUCIÓN, ETC.
Lugar de publicación, distribución, etc. La Habana :
Nombre del editor, distribuidor, etc. Casa de las Américas,
Fecha de publicación, distribución, etc. 1974.
300 ## - DESCRIPCIÓN FÍSICA
Extensión 387, [2] p. ;
Dimensiones 16 cm.
490 1# - MENCIÓN DE SERIE
Mención de serie La honda
590 ## - NOTA LOCAL (RLIN)
Nota local Inventariado, 2020 / DG
650 #4 - PUNTO DE ACCESO ADICIONAL DE MATERIA--TÉRMINO DE MATERIA
Término de materia o nombre geográfico como elemento de entrada Novela argentina
9 (RLIN) 3941
650 #4 - PUNTO DE ACCESO ADICIONAL DE MATERIA--TÉRMINO DE MATERIA
Término de materia o nombre geográfico como elemento de entrada Literatura argentina
Subdivisión cronológica SIGLO XX
9 (RLIN) 14711
910 ## - DATOS DE OPCIÓN DEL USUARIO (OCLC)
Datos de opción del usuario Inventariado, 2020 / DG
942 ## - ELEMENTOS DE PUNTO DE ACCESO ADICIONAL (KOHA)
Fuente del sistema de clasificación o colocación Dewey Decimal Classification
Tipo de ítem Koha Libros y folletos
Existencias
Estado de retiro Estado de pérdida Fuente del sistema de clasificación o colocación Restricciones de uso No para préstamo Código de colección Localización permanente Ubicación/localización actual Ubicación en estantería Fecha de adquisición Fuente de adquisición Número de inventario Total de préstamos Signatura topográfica completa Código de barras Fecha visto por última vez Precio válido a partir de Tipo de ítem Koha Número de copia
    Dewey Decimal Classification   Excluido de préstamo Monografías: Libros y Folletos General General En catalogación 28.01.2010 Donaciòn LF1   A863.4 K84a 15000-10 25.06.2020 25.06.2020 No se presta  
  Extraviado     Excluido de préstamo Monografías: Libros y Folletos General General Extraviado 20.04.2017   LF1   A863.4 K84a 15000-20 25.06.2020 25.06.2020 No se presta e. 2

Con tecnología Koha